Economics of public water supply system: with special reference of Kerala (Record no. 2165)

MARC details
000 -LEADER
fixed length control field 00568nam a2200181Ia 4500
020 ## - INTERNATIONAL STANDARD BOOK NUMBER
ISBN 81-7033-370-5
082 ## - DEWEY DECIMAL CLASSIFICATION NUMBER
Classification number 363.61095483 JOH-;
100 ## - MAIN ENTRY--AUTHOR NAME
Personal name John, Jacob
245 #0 - TITLE STATEMENT
Title Economics of public water supply system: with special reference of Kerala
260 ## - PUBLICATION, DISTRIBUTION, ETC. (IMPRINT)
Place of publication New Delhi
Name of publisher Rawat Publications
Year of publication 1997
300 ## - PHYSICAL DESCRIPTION
Number of Pages 179p.
504 ## - BIBLIOGRAPHY, ETC. NOTE
Bibliography, etc Includes index, bibliography
650 ## - SUBJECT ADDED ENTRY--TOPICAL TERM
Topical Term Water supply - Economic aspects - Kerala
650 ## - SUBJECT ADDED ENTRY--TOPICAL TERM
Topical Term Public service corporations
650 ## - SUBJECT ADDED ENTRY--TOPICAL TERM
Topical Term Public utilities - Finance - Kerala
650 ## - SUBJECT ADDED ENTRY--TOPICAL TERM
Topical Term Water utilities - Kerala
942 ## - ADDED ENTRY ELEMENTS (KOHA)
Koha item type Books
Holdings
Withdrawn status Lost status Damaged status Not for loan Home library Current library Date acquired Bill Date Full call number Accession Number Price effective from Koha item type
        NASSDOC Library NASSDOC Library 08/06/2004 2008-12-30 363.61095483 JOH-; 36435 18/04/2019 Books
        NASSDOC Library NASSDOC Library 08/06/2004 2008-12-30 363.61095483 JOH-; 36436 18/04/2019 Books